<?xml version="1.0" encoding="UTF-8"?>
<record
    xmlns:xsi="http://www.w3.org/2001/XMLSchema-instance"
    xsi:schemaLocation="http://www.loc.gov/MARC21/slim http://www.loc.gov/standards/marcxml/schema/MARC21slim.xsd"
    xmlns="http://www.loc.gov/MARC21/slim">

  <leader>00969nam a2200217Ia 4500</leader>
  <controlfield tag="003">SEM</controlfield>
  <datafield tag="999" ind1=" " ind2=" ">
    <subfield code="c">44312</subfield>
    <subfield code="d">44312</subfield>
  </datafield>
  <controlfield tag="005">20220608071033.0</controlfield>
  <controlfield tag="008">141116s9999    xx            000 0 arm d</controlfield>
  <datafield tag="040" ind1=" " ind2=" ">
    <subfield code="a">SEM</subfield>
    <subfield code="c">SEM</subfield>
  </datafield>
  <datafield tag="041" ind1=" " ind2=" ">
    <subfield code="a">arm.</subfield>
  </datafield>
  <datafield tag="080" ind1=" " ind2=" ">
    <subfield code="a">726.5(47.925)/&#x540;-42</subfield>
  </datafield>
  <datafield tag="100" ind1="1" ind2="0">
    <subfield code="a">&#x540;&#x561;&#x580;&#x578;&#x582;&#x569;&#x575;&#x578;&#x582;&#x576;&#x575;&#x561;&#x576; &#x54E;. </subfield>
  </datafield>
  <datafield tag="245" ind1="1" ind2="0">
    <subfield code="a">&#x536;&#x57E;&#x561;&#x580;&#x569;&#x576;&#x578;&#x581;: /</subfield>
    <subfield code="c">&#x54E;. &#x540;&#x561;&#x580;&#x578;&#x582;&#x569;&#x575;&#x578;&#x582;&#x576;&#x575;&#x561;&#x576;; &#x540;&#x561;&#x575;&#x56F;&#x561;&#x56F;&#x561;&#x576; &#x54D;&#x54D;&#x54C;. &#x544;&#x56B;&#x576;&#x56B;&#x57D;&#x57F;&#x580;&#x576;&#x565;&#x580;&#x56B; &#x57D;&#x578;&#x57E;&#x565;&#x57F;&#x56B;&#x576; &#x56F;&#x56B;&#x581; &#x573;&#x561;&#x580;&#x57F;&#x561;&#x580;&#x561;&#x57A;&#x565;&#x57F;&#x561;&#x56F;&#x561;&#x576; &#x563;&#x578;&#x580;&#x56E;&#x565;&#x580;&#x56B; &#x57E;&#x561;&#x580;&#x579;&#x578;&#x582;&#x569;&#x575;&#x578;&#x582;&#x576;; &#x53D;&#x574;&#x562;.` &#x544;. &#x540;&#x561;&#x575;&#x580;&#x56B;&#x575;&#x561;&#x576;</subfield>
  </datafield>
  <datafield tag="246" ind1=" " ind2=" ">
    <subfield code="a">&#x417;&#x432;&#x430;&#x440;&#x442;&#x43D;&#x43E;&#x446;. /</subfield>
  </datafield>
  <datafield tag="260" ind1=" " ind2=" ">
    <subfield code="a">&#x535;&#x580;&#x587;&#x561;&#x576;:</subfield>
    <subfield code="b">&#x540;&#x561;&#x575;&#x57A;&#x565;&#x57F;&#x570;&#x580;&#x561;&#x57F;.,</subfield>
    <subfield code="c">1954.</subfield>
  </datafield>
  <datafield tag="300" ind1=" " ind2=" ">
    <subfield code="a">27+[22] &#x567;&#x57B;;</subfield>
    <subfield code="b">&#x576;&#x56F;.;</subfield>
    <subfield code="c">19 &#x57D;&#x574;</subfield>
  </datafield>
  <datafield tag="650" ind1=" " ind2=" ">
    <subfield code="a">&#x540;&#x561;&#x575; &#x565;&#x56F;&#x565;&#x572;&#x565;&#x581;&#x56B;</subfield>
    <subfield code="x">&#x573;&#x561;&#x580;&#x57F;&#x561;&#x580;&#x561;&#x57A;&#x565;&#x57F;&#x578;&#x582;&#x569;&#x575;&#x578;&#x582;&#x576;</subfield>
  </datafield>
  <datafield tag="700" ind1=" " ind2=" ">
    <subfield code="a">&#x535;&#x572;&#x56B;&#x561;&#x566;&#x561;&#x580;&#x575;&#x561;&#x576; &#x540;.</subfield>
    <subfield code="4">edt.</subfield>
    <subfield code="e">&#x56D;&#x574;&#x562;.</subfield>
  </datafield>
  <datafield tag="710" ind1=" " ind2=" ">
    <subfield code="a">&#x540;&#x561;&#x575;&#x56F;&#x561;&#x56F;&#x561;&#x576; &#x54D;&#x54D;&#x54C;. &#x544;&#x56B;&#x576;&#x56B;&#x57D;&#x57F;&#x580;&#x576;&#x565;&#x580;&#x56B; &#x57D;&#x578;&#x57E;&#x565;&#x57F;&#x56B;&#x576; &#x56F;&#x56B;&#x581; &#x573;&#x561;&#x580;&#x57F;&#x561;&#x580;&#x561;&#x57A;&#x565;&#x57F;&#x561;&#x56F;&#x561;&#x576; &#x563;&#x578;&#x580;&#x56E;&#x565;&#x580;&#x56B; &#x57E;&#x561;&#x580;&#x579;&#x578;&#x582;&#x569;&#x575;&#x578;&#x582;&#x576;</subfield>
  </datafield>
  <datafield tag="942" ind1=" " ind2=" ">
    <subfield code="2">udc</subfield>
    <subfield code="c">BK</subfield>
  </datafield>
  <datafield tag="952" ind1=" " ind2=" ">
    <subfield code="0">0</subfield>
    <subfield code="1">0</subfield>
    <subfield code="2">udc</subfield>
    <subfield code="4">0</subfield>
    <subfield code="7">0</subfield>
    <subfield code="8">&#x533;&#x580;&#x561;&#x57A;&#x561;&#x570;&#x578;&#x581;</subfield>
    <subfield code="a">SEM</subfield>
    <subfield code="b">SEM</subfield>
    <subfield code="d">2014-11-16</subfield>
    <subfield code="g">500.00</subfield>
    <subfield code="i">10550</subfield>
    <subfield code="l">0</subfield>
    <subfield code="o">726.5(47.925)/&#x540;-42</subfield>
    <subfield code="p">10550</subfield>
    <subfield code="r">2014-11-16</subfield>
    <subfield code="w">2014-11-16</subfield>
    <subfield code="y">BK</subfield>
    <subfield code="z">&#x54D;&#x57A;&#x561;&#x57D;&#x561;&#x580;&#x56F;&#x57E;&#x578;&#x582;&#x574; &#x567; &#x568;&#x576;&#x569;&#x565;&#x580;&#x581;&#x561;&#x57D;&#x580;&#x561;&#x570;</subfield>
  </datafield>
  <datafield tag="952" ind1=" " ind2=" ">
    <subfield code="0">0</subfield>
    <subfield code="1">0</subfield>
    <subfield code="2">udc</subfield>
    <subfield code="4">0</subfield>
    <subfield code="7">0</subfield>
    <subfield code="8">&#x533;&#x580;&#x561;&#x57A;&#x561;&#x570;&#x578;&#x581;</subfield>
    <subfield code="a">SEM</subfield>
    <subfield code="b">SEM</subfield>
    <subfield code="d">2019-06-06</subfield>
    <subfield code="g">500.00</subfield>
    <subfield code="i">27663</subfield>
    <subfield code="l">0</subfield>
    <subfield code="o">726.5(47.925)/&#x540;-42</subfield>
    <subfield code="p">27663</subfield>
    <subfield code="r">2019-06-06</subfield>
    <subfield code="w">2019-06-06</subfield>
    <subfield code="y">BK</subfield>
    <subfield code="z">&#x54D;&#x57A;&#x561;&#x57D;&#x561;&#x580;&#x56F;&#x57E;&#x578;&#x582;&#x574; &#x567; 30 &#x585;&#x580;</subfield>
  </datafield>
</record>
